000 00457nam a22001697a 4500
020 _a9788120350298
082 _a005.73 KUS
100 _aDharmender Singh Kushwaha
245 _aData Structures: a programming approach with C
250 _a2nd ed.
260 _aNew Delhi
_bPHI Learning
_c2014
300 _a716
_bill.;
_eCD ROM Include
650 _aComputer programming language
650 _aData structure
700 _aArun Kumar Misra
942 _cBK
999 _c13475
_d13475